[Event "Czerniak Memorial 12th"]
[Site "Tel Aviv"]
[Date "1996.??.??"]
[Round "5"]
[White "Shabtai, Ran"]
[Black "Afek, Yochanan"]
[Result "1-0"]
[WhiteElo "2340"]
[BlackElo "2395"]
[Annotator "Ftacnik,L"]
[PlyCount "51"]
[EventDate "1996.04.??"]
[EventType "tourn"]
[EventRounds "11"]
[EventCountry "ISR"]
[EventCategory "9"]
[SourceTitle "CBM 053"]
[Source "ChessBase"]
[SourceDate "1996.08.01"]
[SourceVersion "1"]
[SourceVersionDate "1996.08.01"]
[SourceQuality "1"]

1. d4 Nf6 2. Bg5 d5 3. Nd2 e6 4. e3 c5 5. c3 Be7 6. Bd3 Nc6 7. Ngf3 Nd7 8. Bf4
(8. Bxe7 Qxe7 9. O-O O-O 10. Re1 (10. Qe2 $5) 10... Rd8 (10... Qf6 11. Bb5 Qd8
12. Rc1 Qb6 13. Bxc6 bxc6 14. Qc2 a5 15. Ng5 g6 16. dxc5 Qxc5 17. e4 Ba6 18. e5
Qe7 19. Ngf3 f6 20. c4 Rae8 21. Qc3 Qb4 22. exf6 Rxf6 23. Ne5 {1-0 Timman,
J-Beliavsky,A/Wijk/1985/ (42)}) 11. Qe2 g6 12. Rad1 c4 $6 (12... e5 $5 13. e4
dxe4 14. Qxe4 f5 $1 15. Qd5+ Kg7 16. Bb5 $13) 13. Bc2 f5 $8 14. Ba4 $1 {><e5}
Ncb8 15. Bxd7 Nxd7 16. b3 b5 17. bxc4 bxc4 18. Ne5 $1 {Cifuentes Parada,
R-Granda Zuniga,J/Buenos Aires/1991/1-0 (45)}) 8... g5 (8... O-O 9. O-O Bf6 {
Rodriguez,O-Beliavsky,A/Vulca-Trud/1984/}) (8... c4 9. Bc2 f5 10. b3 cxb3 11.
axb3 Nf6 12. Ne5 Nxe5 13. Bxe5 O-O 14. O-O Bd6 15. Bxd6 Qxd6 16. Nf3 Bd7 17.
Ne5 Bc6 18. c4 b6 19. f3 Nd7 20. Nxc6 Qxc6 21. Qd3 {Riebe,T-Garthof,G/OLNW
9192/1992/1-0 (47)}) (8... Bf6 9. O-O e5 10. dxe5 Ndxe5 11. Nxe5 Bxe5 12. Bxe5
Nxe5 13. Bb5+ Bd7 14. Qh5 Bxb5 15. Qxe5+ Qe7 16. Qxg7 O-O-O 17. Qg4+ Kb8 18. c4
dxc4 19. Nxc4 Qf6 20. Rac1 {Casagrande,H-Robatsch,K/AUT-chT 9192 (05)/1992/0-1
(49)}) 9. Bg3 g4 10. Ng1 e5 (10... h5 11. h3 Qb6 12. Rb1 $14) 11. Qxg4 cxd4 12.
exd4 exd4 13. Qe2 (13. cxd4 $6 Nc5 14. Qe2 Nxd4 15. Qe3 Bf5 16. Bxf5 Nxf5 $15)
13... dxc3 (13... Nc5 14. Ngf3 dxc3 15. bxc3) 14. bxc3 Nc5 15. Ngf3 d4 $2 (
15... Qa5 16. O-O Qxc3 17. Bb5 Rg8 18. Rac1 $14) (15... Be6 16. O-O $14) 16.
Nxd4 $1 Nxd3+ (16... Nxd4 17. cxd4 Qxd4 (17... Nxd3+ 18. Qxd3 Qd5 19. O-O Be6
20. Rab1 $16) 18. Bb5+ Bd7 19. Be5 $18) 17. Qxd3 O-O 18. O-O Bf6 (18... Nxd4
19. cxd4 Be6 20. Be5 $16) 19. N2f3 Qa5 (19... Bg4 20. Rfe1 Bxf3 21. Qxf3 Nxd4
22. cxd4 Bxd4 23. Rab1 $16) 20. Rfe1 Bd7 21. Nxc6 Bxc6 22. Be5 $1 Be7 (22...
Rfd8 23. Qf5 Bxe5 24. Nxe5 Qd5 25. Qg4+ Kf8 26. c4 $16) (22... Bxf3 23. Bxf6
Bh5 24. Re7 $16) 23. Nd4 f6 24. Nf5 $1 (24. Qg3+ Kh8 25. Bc7 Qa3 26. Nxc6 bxc6
27. Qf3 $16) 24... Kh8 (24... fxe5 25. Qg3+ Kf7 26. Rxe5 $18) 25. Bc7 $1 Qxc7
26. Rxe7 (26. Rxe7 Qf4 27. Qh3 h6 28. Nxh6 $18) 1-0

[Event "Interpolis-02"]
[Site "Tilburg"]
[Date "1978.09.05"]
[Round "4"]
[White "Hort, Vlastimil"]
[Black "Ljubojevic, Ljubomir"]
[Result "1/2-1/2"]
[WhiteElo "2620"]
[BlackElo "2605"]
[Annotator "Ftacnik,L"]
[PlyCount "35"]
[EventDate "1978.09.01"]
[EventType "tourn"]
[EventRounds "11"]
[EventCountry "NED"]
[EventCategory "14"]
[SourceTitle "MCL"]
[Source "ChessBase"]
[SourceDate "1999.07.01"]
[SourceVersion "1"]
[SourceVersionDate "1999.07.01"]
[SourceQuality "1"]

1. d4 Nf6 2. Nf3 b6 3. Bg5 Bb7 4. Nbd2 d5 (4... e6 5. e4 h6 6. Bxf6 Qxf6 $14) (
4... c5 $5 5. Bxf6 $5 (5. e3) 5... gxf6) 5. e3 (5. Bxf6 $5 exf6 6. e3 {/\c4!?+/
=}) 5... Nbd7 (5... e6 {/\Be7,0-0}) 6. Bd3 g6 $5 7. Qe2 (7. c4 $5) 7... c5 $5 (
7... Bg7 8. e4 $5 (8. Ba6 $5)) (7... h6 $5) (7... a6 $5) 8. Bxf6 $1 exf6 $1 (
8... Nxf6 $4 9. Bb5+ Nd7 10. Ne5) 9. Ba6 Bxa6 (9... Qc8) 10. Qxa6 {/\Qb7} Qc7
11. O-O Bh6 (11... Bg7) 12. c4 (12. dxc5 $5 Nxc5 13. Qb5+ Kf8 (13... Qd7))
12... cxd4 13. Nxd4 dxc4 14. Rac1 O-O 15. Rxc4 Nc5 16. Qa3 Qd7 17. b4 (17. Rfc1
) 17... Ne6 18. N2f3 $14 1/2-1/2

[Event "Las Palmas"]
[Site "Las Palmas"]
[Date "1994.??.??"]
[Round "1"]
[White "Illescas Cordoba, Miguel"]
[Black "Polgar, Judit"]
[Result "0-1"]
[WhiteElo "2590"]
[BlackElo "2630"]
[Annotator "Ftacnik,L"]
[PlyCount "170"]
[EventDate "1994.05.??"]
[EventType "tourn"]
[EventRounds "9"]
[EventCountry "ESP"]
[EventCategory "17"]
[SourceTitle "CBM 042"]
[Source "ChessBase"]
[SourceDate "1994.10.01"]
[SourceVersion "1"]
[SourceVersionDate "1994.10.01"]
[SourceQuality "1"]

1. d4 Nf6 2. Nf3 g6 3. Bg5 Bg7 4. c3 O-O 5. Nbd2 d5 6. e3 b6 7. Bd3 Bb7 8. O-O
Nbd7 9. a4 Ne4 (9... c5) 10. Bh4 Qe8 $6 (10... a5 $10) 11. a5 h6 12. Qc2 (12.
a6 $5 Bc6 13. Qc2) 12... Nxd2 13. Qxd2 Nf6 14. a6 Bc8 (14... Bc6 15. Ne5 $16)
15. c4 dxc4 16. Bxc4 c6 17. Qc2 Bf5 18. Bd3 Be6 (18... Bxd3 19. Qxd3 Qd7 20.
Ne5 $14) 19. Rac1 Rc8 20. b4 Nd7 21. Qe2 b5 22. Nd2 f5 $1 23. e4 $1 f4 (23...
Bxd4 24. Nf3 Bg7 25. exf5 Bxf5 26. Bxf5 Rxf5 27. Qe6+ Kh7 28. Rxc6 Rxc6 29.
Qxc6 $16 {xa7, e7}) 24. d5 cxd5 (24... Bf7 25. dxc6 Ne5 26. Bxb5 g5 27. c7 Bh5
28. f3 Qg6 29. Bf2 $18) 25. Rxc8 (25. exd5 $1 Bxd5 26. Bxe7 Rxc1 27. Rxc1 Rf7
28. Re1 f3 (28... Ne5 29. Bd6 f3 30. Qe3 fxg2 31. Bxe5 Re7 32. Be4 $1 $18) 29.
Qe3 $16) 25... Qxc8 26. Bxe7 (26. exd5 Bxd5 27. Bxg6 Ne5 28. Be4 Bxe4 29. Qxe4
Qxa6 30. Bxe7 $14) 26... Re8 27. Bd6 (27. exd5 Bxd5 28. Bxg6 Ne5 29. Bxe8 Qxe8
30. Re1 Qxe7 31. Qxb5 Qd6 $13) 27... dxe4 28. Qxe4 $2 (28. Bxe4 $1 $14) 28...
Nf6 $1 (28... Bf7 29. Qb7 Qc3 30. Bxb5 Qxd2 31. Qxd7 $16) 29. Qxg6 (29. Qxf4
Rd8 30. Ne4 Nxe4 31. Bxe4 Qxa6 $10) 29... Bf7 30. Qf5 Qxf5 31. Bxf5 Rd8 32.
Bxf4 Nd5 33. Bg3 Nxb4 34. Ne4 Nxa6 35. Nd6 $6 (35. Rc1 $1 b4 36. Rc8 Rxc8 37.
Bxc8 Bd5 38. f3 $10) 35... b4 36. Nxf7 (36. h4 $5 $15) 36... Kxf7 37. Re1 (37.
h4 b3 38. h5 b2 $17) 37... Bc3 $1 38. Be6+ Kg6 39. Rc1 Nc5 40. Ba2 a5 41. h4 a4
(41... Rd2 42. Bb1+ Kh5 43. Bf4 Rb2 $19) 42. Kh2 a3 (42... Rd2 $5) 43. Bf4 $1
Na4 44. g3 Kg7 45. Kh3 Rd7 (45... h5 $1) 46. Kg4 Rb7 47. Bb3 Nc5 48. Bc4 $1 (
48. Bd5 Rd7 49. Bc6 a2 50. Bxd7 Nxd7 $19) 48... Bb2 49. Re1 b3 50. Kh5 Rb6 $2 (
50... a2 $1 51. Bxh6+ Kh7 52. Re8 Rg7 $8 53. Bxg7 Kxg7 54. Re7+ Kf8 55. Rf7+
Ke8 56. Ra7 a1=Q 57. Rxa1 Bxa1 58. Kg6 b2 59. Ba2 Ne4 60. Bb1 Nc3 61. Bc2 b1=Q
62. Bxb1 Nxb1 63. f4 Nc3 64. g4 Kf8 $17) 51. Re7+ Kf8 52. Ra7 a2 53. Be3 $1 Na6
$1 (53... Rc6 54. Bd5 Na6 55. Bxc6 a1=Q 56. Bxh6+ Bg7 (56... Kg8 57. Bd5+ Kh8
58. Ra8+ Kh7 59. Be4#) 57. Bxg7+ Qxg7 58. Rxg7 Kxg7 59. Be4 $16) 54. Bxa6 (54.
Ra8+ $2 Rb8 $1 55. Bxh6+ Ke8 56. Rxa6 a1=Q 57. Rxa1 Bxa1 58. Bd3 b2 59. Bb1 Rc8
$17) 54... a1=Q 55. Bc5+ Ke8 (55... Kg8 $2 56. Bc4+ Kh8 57. Rxa1 Bxa1 58. Bxb6
$18) 56. Ra8+ Rb8 (56... Kf7 $4 57. Bc4+ $18) (56... Kd7 $2 57. Bc8+ Kc6 58.
Rxa1 Kxc5 $15) 57. Rxb8+ Kd7 58. Be2 $2 (58. Bb5+ $1 Kc7 59. Rb6 $1 (59. Re8
Qd1+ 60. Kxh6 Qc1+ 61. Be3 Qc3 $15) 59... Qd1+ 60. Kxh6 Bc1+ 61. f4 b2 62. Rc6+
Kd8 (62... Kb7 63. Rb6+ $10) 63. Bb6+ Ke7 64. Bc5+ Kf7 65. Bc4+ Ke8 66. Bb5 Kf7
$10 (66... b1=Q $4 67. Rc8+ Kf7 68. Bc4+ Kf6 69. Rf8#)) 58... Bd4 $1 $17 59.
Bg4+ Kc7 60. Bxd4 (60. Rc8+ Kb7 61. Bxd4 Qxd4 62. Bf5 b2 63. Rf8 Qc5 64. Rf7+
Kb8 65. Kxh6 Qxf2 $19) 60... Qa5+ 61. Kxh6 Kxb8 62. Kg6 Qb5 63. Bf5 b2 64. f4 (
64. h5 Qxf5+ 65. Kxf5 b1=Q+ $19) 64... Qxf5+ 65. Kxf5 b1=Q+ 66. Kg5 Kc8 67. g4
Kd7 68. h5 Ke6 69. h6 Kf7 70. Bg7 (70. f5 Kg8 71. Bg7 Kh7 72. Kh5 Qe1 73. Kg5
Qe4 74. Kh4 Qe3 75. Kh5 Qe7 76. g5 Qe2+ 77. Kh4 Qe4+ 78. Kh5 Qxf5 $19) 70...
Qc1 71. Be5 Kg8 72. Bg7 Kh7 73. Kf5 Qc2+ 74. Kg5 Qd2 75. Kf5 (75. Be5 Qd5 76.
Kh5 $140 Qh1+ 77. Kg5 Qxh6+ 78. Kf5 Qg6#) 75... Qd5+ 76. Kf6 Qd8+ 77. Kf5 Qe7
78. g5 Qd7+ 79. Kf6 Qd3 80. Ke6 Kg6 81. Be5 Qf5+ 82. Kd5 Kf7 83. Kd4 Ke6 84.
Ke3 Kd5 85. Kf3 Qh3+ 0-1

[Event "Linares 08th"]
[Site "Linares"]
[Date "1990.??.??"]
[Round "2"]
[White "Salov, Valery"]
[Black "Gelfand, Boris"]
[Result "0-1"]
[WhiteElo "2645"]
[BlackElo "2615"]
[Annotator "Ftacnik,L"]
[PlyCount "114"]
[EventDate "1990.02.??"]
[EventType "tourn"]
[EventRounds "11"]
[EventCountry "ESP"]
[EventCategory "16"]
[SourceTitle "CBM 017"]
[Source "ChessBase"]
[SourceDate "1990.08.01"]
[SourceVersion "1"]
[SourceVersionDate "1990.08.01"]
[SourceQuality "1"]

1. d4 Nf6 2. Nf3 g6 3. Bg5 Bg7 4. Nbd2 O-O 5. c3 d5 6. e3 Nbd7 7. Be2 Re8 8.
O-O e5 9. b4 c6 10. a4 a5 11. Qb3 (11. b5 c5 12. dxe5 Nxe5 13. Rc1 h6 14. Bh4
Nxf3+ 15. Bxf3 c4 16. Bxf6 Bxf6 17. Re1 Be6 $14 {Torre,E-Ftacnik,L/Novi Sad/
1984/}) 11... h6 12. Bh4 e4 13. Ne1 g5 14. Bg3 h5 15. h4 $6 (15. h3) (15. b5
$22 h4 16. Bd6 $13) 15... Ng4 $1 16. hxg5 Qxg5 17. Bf4 Qg6 18. f3 (18. b5 Ndf6
{/\ h4,h3->}) 18... exf3 19. Rxf3 Ndf6 20. Nf1 axb4 21. Qxb4 Ne4 22. Bd3 h4 23.
a5 Qh5 24. Qb2 (24. Bxe4 dxe4 25. Rh3 Nf6 26. Rh2 Nd5) 24... Ng5 25. Bxg5 Qxg5
26. Qd2 (26. Nc2 $5 {/\ a6 <=>}) 26... Bh6 27. Nc2 Kg7 28. c4 Be6 29. c5 (29.
cxd5 Bxd5 30. Rf5 Qe7 $40) 29... Re7 30. a6 bxa6 31. Rxa6 Rxa6 32. Bxa6 Nf6 33.
Bd3 Bg4 34. Rf2 Ne4 35. Bxe4 Rxe4 $17 36. Nh2 Be6 37. Nf3 Qg3 38. Re2 Bg4 39.
Qe1 Bh5 40. Qf2 f5 $1 41. Re1 f4 42. exf4 Bxf4 43. Qxg3+ hxg3 44. Kf1 Kf6 45.
Ra1 (45. Rxe4 dxe4 46. Nfe1 Bd2 {/\ Ke6-+}) 45... Re8 46. Nb4 (46. Ra6 Bxf3 47.
Rxc6+ Kf5 48. gxf3 g2+ 49. Kxg2 Re2+ 50. Kf1 Rxc2 $19) 46... Bxf3 47. gxf3 Rh8
48. Ra2 Kg5 49. Rg2 Rb8 50. Rb2 (50. Nxc6 Rb1+ 51. Ke2 Kh4 $19) 50... Bc1 51.
Rc2 Rxb4 52. Rxc1 Kf4 53. Ra1 Rxd4 54. Ra8 Kxf3 55. Rf8+ Rf4 56. Rb8 Re4 57.
Rf8+ Ke3 {Ftacnik,L} 0-1

[Event "Solin 7th"]
[Site "Solin"]
[Date "1999.12.15"]
[Round "4"]
[White "Nikolac, Juraj"]
[Black "Smirin, Ilia"]
[Result "0-1"]
[WhiteElo "2475"]
[BlackElo "2671"]
[Annotator "Gershon,A"]
[PlyCount "70"]
[EventDate "1999.12.10"]
[EventType "tourn"]
[EventRounds "9"]
[EventCountry "CRO"]
[EventCategory "13"]
[SourceTitle "CBM 075"]
[Source "ChessBase"]
[SourceDate "2000.04.05"]
[SourceVersion "1"]
[SourceVersionDate "2000.04.05"]
[SourceQuality "1"]

1. d4 Nf6 2. Nf3 g6 3. Bg5 Bg7 4. Nbd2 O-O 5. c3 d5 6. e3 Nbd7 7. Be2 Re8 8.
O-O e5 9. c4 {In this position black has two options: Take on d4 and try to
simplify the position or gain some space by advancing e5-e4. Of course, e4 is
more double edged since it leaves the 'd5' pawn weakenned as an object to
white assaults.} e4 {Smirin wants to get an unclear position, with as few
exchanges as possible.} (9... exd4 10. Nxd4 h6 (10... Nc5 11. Qc2 (11. cxd5
Qxd5 12. Bf4 c6 13. Bf3 Qd8 14. Qc2 Ne6 15. Nxe6 Bxe6 16. Rfd1 Qe7 17. Nc4 Qc5
18. Rac1 Rad8 19. Bd6 Qg5 20. Bf4 Qc5 21. Bd6 Qg5 22. Bf4 {1/2-1/2 Torre,
E-Sokolov,I/Biel 1989/CBM 14 (22)}) 11... Ne6 12. Nxe6 Bxe6 13. Rfd1 Qe7 14.
Bf3 Rad8 15. Rac1 h6 16. Bh4 g5 17. Bg3 c6 18. c5 Nd7 19. Bc7 Rc8 20. Bd6 Qf6
$11 {1/2-1/2 Bogdanovski,V-Kaminski,M/Warsaw 1991/EXT 97 (60)}) 11. Bh4 a6 (
11... Ne5 12. Rc1 c5 13. N4f3 Nxc4 14. Nxc4 dxc4 15. Bxc4 Qb6 16. Nd2 Be6 17.
Nb3 {1/2-1/2 Ye Rongguang-Wojtkiewicz,A/Calcutta 1991/CBM 22 (17)}) 12. cxd5
Nb6 13. Rc1 Nbxd5 14. Bf3 g5 15. Bg3 g4 16. Be2 h5 17. Qb3 c6 18. Bh4 Qb6 19.
Bc4 Qxb3 20. Bxb3 Ne4 21. Nxe4 Rxe4 22. Bc2 Re8 23. Rfd1 $14 {1/2-1/2
Ibragimov,I-Cvitan,O/Biel 1997/CBM 60 ext (37) White has some edge due to
black's weakenned structure on the kiingside.}) 10. Ne1 c6 (10... c5 11. Nc2
cxd4 12. Nxd4 Nc5 13. Bh4 dxc4 14. Nxc4 b6 15. Bg3 Bd7 16. Rc1 Ne6 17. Nd6 Nxd4
18. exd4 Re7 19. d5 $16 {1-0 Ye Rongguang-Tseshkovsky,V/Belgrade 1988/CBM 10 
(34)}) 11. cxd5 (11. b4 Nf8 12. Qb3 Ne6 13. Bh4 g5 14. Bg3 h5 15. cxd5 cxd5 16.
Be5 Ng4 17. Bxg7 Nxg7 18. h3 Nh6 19. Rc1 Be6 20. Qd1 h4 21. Nb3 b6 22. b5 g4
$40 {0-1 Eperjesi,L-Borocz,I/Budapest 1993/EXT 97 (38)}) 11... cxd5 {Now a
reversed french arises with the big difference that white already took his
dark squared bishop out.} 12. Qb3 h6 (12... Qa5 13. Qc3 Qxc3 14. bxc3 Nb6 15.
Nc2 Bd7 16. Na3 h6 17. Bxf6 Bxf6 18. c4 Bc6 19. c5 Nd7 20. Nb5 Rec8 21. Nd6 Rc7
22. Rfc1 $14 {1-0 Costa,J-Zapata,A/Biel 1988/EXT 97 (63)}) 13. Bh4 Re6 14. a4
$6 {[%csl Gb4]} (14. Qxd5 g5 15. Bxg5 hxg5 16. Qxg5 Nb6 {Is unclear, although
I believe that the piece counts here more than pawns.}) (14. f3 Qa5 $15) (14.
Nb1 $5 {[%csl Gd5] Trying to put the pieces on their natural positions} Rb6 15.
Qc2 Nf8 16. Nc3 g5 17. Bg3 Ng6 $132) 14... Nb8 $1 {With his last move white
has weakenned the 'b4' square and it's exactly where the knight is headed,
intending to block white's play even before it has begun} 15. Nc2 Nc6 16. Nb4
$4 {A blunder. White probably misses black's 19th move.} (16. Qc3 Bd7 17. b4
Ne7 $15 {[%csl Gc4][%cal Ga8c8,Gc8c1,Ge7f5,Gf5d6,Gd6c4]}) (16. Rac1 $5) 16...
Qa5 $1 17. Bxf6 (17. Nxc6 Qxd2 18. Nd8 Rd6 $19) 17... Bxf6 18. Nxd5 Qxd2 19.
Nc3 (19. Nc7 Qxe2 20. Nxa8 Re7 $19) 19... Bxd4 20. exd4 (20. Rfd1 Bxc3 21. Rxd2
Bxd2 22. Rd1 Bb4 23. Bc4 Re7 {[%cal Gc8e6] With a decisive edge for black.})
20... Nxd4 21. Qd1 Nxe2+ (21... e3 $6 22. Bc4 (22. Qxd2 exd2 23. Bc4 Rc6 24.
Bd5 Rd6 25. Rad1 Ne2+ 26. Nxe2 Rxd5 $17) 22... Rd6 (22... Rc6 $2 23. Bxf7+) 23.
Ne4 (23. Bxf7+ $2 Kxf7 24. fxe3+ Nf5)) 22. Nxe2 e3 23. fxe3 Qxe3+ $17 24. Rf2
Re8 {The absence of white's f pawn creates a much more important factor than
the pawn itself, a weakenned king, which Smirin exploits very accurately} 25.
Ra3 Qe5 {[%cal Gc8g4]} 26. Qb3 Re7 27. Qb4 Bf5 (27... b6 {was also possible})
28. Rg3 (28. Ng3 Rd8 $19 (28... Qe1+ 29. Qxe1 Rxe1+ 30. Rf1 Rxf1+ 31. Kxf1 Bd7
$17 {[%cal Gd7c6]})) 28... Rd8 29. Nc3 Bd3 {[%csl Yf1][%cal Ge5e1,Yd3f1]} 30.
h3 Rd4 (30... Qe1+ 31. Kh2 Qxf2 32. Qxe7) (30... Qxg3 31. Qxe7) 31. Qa3 Red7 {
[%csl Gf2,Gg3][%cal Ge5e1,Ge1f2,Ge5g3]} 32. Rgf3 Bc4 {[%cal Gd4d1]} 33. Qa1 Rd2
34. Rxd2 Rxd2 35. Qc1 Qg5 {[%csl Rc1][%cal Gd2g2,Gg5g2,Yg5c1]} 0-1

[Event "Flamenco Veterans-Women"]
[Site "Marbella"]
[Date "1999.10.31"]
[Round "9"]
[White "Smyslov, Vassily V"]
[Black "Cramling, Pia"]
[Result "1/2-1/2"]
[WhiteElo "2485"]
[BlackElo "2504"]
[Annotator "Gershon,A"]
[PlyCount "57"]
[EventDate "1999.10.21"]
[EventType "schev"]
[EventRounds "10"]
[EventCountry "ESP"]
[SourceTitle "CBM 074"]
[Source "ChessBase"]
[SourceDate "2000.02.01"]
[SourceVersion "1"]
[SourceVersionDate "2000.02.01"]
[SourceQuality "1"]

1. d4 Nf6 2. Nf3 g6 3. Bg5 Bg7 4. Nbd2 d5 5. e3 O-O 6. c3 Nbd7 7. Bd3 Re8 8.
O-O e5 (8... c6 {leading to transposition} 9. Qc2 e5 10. dxe5 Nxe5 11. Nxe5
Rxe5 12. Nf3 $5 {not comitting himself to the placement of the bishop yet, and
keeping the pin for a while.} Re8 13. c4 $6 (13. h3 $5) 13... Qa5 14. h3 Be6
15. Bf4 dxc4 16. Bxc4 Bxc4 17. Qxc4 Nd5 18. Ng5 Qb4 19. Qxb4 Nxb4 20. Rad1 Rad8
$17 {0-1 Sergeev,N-Yandemirov,V/Ekaterinburg 1997/CBM 57 ext (33)}) 9. dxe5
Nxe5 10. Nxe5 Rxe5 11. Bf4 (11. Bh4 c6 (11... Qe8 $2 {[%csl Ge5]} 12. c4 Rh5
13. Bg3 Ne4 14. Nxe4 dxe4 15. Be2 Rc5 16. b4 Bxa1 17. bxc5 Be5 18. Bxe5 Qxe5
19. Qd8+ Kg7 20. f3 $40 {1-0 Annageldiev,O-Thipsay,P/Calcutta 1996/CBM 50 ext 
(31)}) (11... Re8 12. Qc2 c6 13. Rfe1 Qc7 14. e4 Nxe4 15. Nxe4 dxe4 16. Rxe4
Rxe4 17. Bxe4 Be6 18. a3 {1/2-1/2 Rozentalis,E-Wojtkiewicz,A/Rakvere 1993/CBM
38 (18)}) 12. Qc2 Bf5 13. Bxf5 Rxf5 14. e4 Rh5 15. Bxf6 Qxf6 16. exd5 Rxd5 17.
Nc4 Qh4 18. Qe2 Rh5 19. h3 Rg5 20. Kh1 Rc5 21. Ne3 $11 {0-1 Engqvist,T-Akesson,
R/Rilton Cup, Stockholm SWE 1998 (40)}) (11. Nf3 Re8 12. h3 h6 13. Bf4 Ne4 14.
Qc2 $6 (14. Nd4) 14... Nc5 15. Be2 Bf5 16. Qd1 g5 17. Bh2 c6 $15 {1/2-1/2
Hausrath,D-Ftacnik,L/BL9596 1996/GER-chT (33)}) 11... Re8 12. h3 {[%cal Gf6h5]
black was threatenning Nh5} c6 13. Re1 Be6 14. Nb3 $146 {[%csl Rb3][%cal Gb3c5,
Gb3d4,Yd8b6,Rc6c4] A new plan according to my database.White knight can get to
'd4' just likehe would from 'f3' but meanwhile he takes the 'c5' square under
control which makes harder for black to develop his play. However, just like
everything else in life, it has its drawbacks, and the main is that the knight
will be standing in the way of black pawns, demanding of white to be careful.}
(14. Nf3 Ne4 15. Nd4 Bd7 16. Qc2 Nc5 17. Bf1 Ne6 18. Bg3 Qb6 19. Rad1 a5 20.
Nf3 Nc5 21. Nd4 Ne6 22. Nf3 Nc5 23. Nd4 {1/2-1/2 Lendwai,R-Stanec,N/Vienna AUT
1999 (23)}) 14... Qb6 15. Qc2 ({An attempt to fight for c5 by:} 15. Bd6 {
is easily parried by} Ne4 16. Ba3 {and} Rac8 (16... Rad8 17. Qc2) 17. Bxe4 (17.
f3 $2 {weakenning the black squares next to his king.} Nf6 18. Bc5 Qc7 $17 {
[%csl Gf2,Gg3,Gh2]}) 17... dxe4 18. Nc5 Rcd8 19. Qc2 Bc8 20. Rad1 $11) 15... c5
16. c4 (16. Be2 Bf5 17. Qd1 Rad8 $17) 16... dxc4 17. Bxc4 Nd5 {[%cal Gg7b2,
Gd5f4,Gd5b4]} (17... Bf5 18. Bd3 Bxd3 19. Qxd3 Rad8 20. Qc2 $11) 18. Bxd5 Bxd5
{^^} 19. Qxc5 Qxc5 20. Nxc5 Bxb2 (20... Rac8 $5 21. Na4 (21. Nd3 Be4 22. Rad1
Rc2 $15) 21... Rc2 22. Nc3 (22. Rac1 Rxc1 (22... Rec8 23. Rxc2 Rxc2 24. Rd1 $18
{[%csl Gd8]}) 23. Rxc1 Bxa2 24. Rc7 Bd5 $15) 22... Bc6 23. Re2 Rxe2 24. Nxe2
Bxb2 25. Rb1 Bg7 26. Nd4 Bxd4 27. exd4 Re2 28. a3 $15 Kf8 29. Bb8 $1 a6 30. Ba7
$11 {[%cal Ga7c5]}) 21. Rab1 Bg7 22. Nxb7 Bxa2 23. Rb5 Rec8 (23... Be6 24. Nd6
(24. Be5 Bd7 $19) 24... Red8 25. Reb1 Bf8 (25... a5 26. Nb7 $16) 26. Nb7 Rd2
27. Ra5 $11) 24. Be5 Bxe5 25. Rxe5 Rc7 26. Ra1 Bb3 27. Nd6 a6 28. Rea5 Rc6 29.
Nb5 $11 {[%cal Gb5d4]} 1/2-1/2